| 000 | 00700nam a22001815i 4500 | ||
|---|---|---|---|
| 001 | 159212 | ||
| 003 | ES-MaACL | ||
| 005 | 20250728110922.0 | ||
| 008 | 040908m18571869fr |||| | fre d | ||
| 040 |
_aCAM _bspa _cCAM |
||
| 100 | 1 |
_aMaury, Alfred. _9129748 |
|
| 245 | 1 | 0 |
_aHistoire des religions de la Grèce Antigue _b: depuis leur origine jusqu'a leur complète constitution / _cpar L.-F. Alfred Maury. |
| 260 |
_aParis : _blibrairie philosophique de Ladrange, _c1857-1859 ( _fImprimerie de L. Martinet) |
||
| 300 |
_a3 v. (XII, 608; 551; 548 p.) ; _c22 cm. |
||
| 650 | 0 | 7 |
_aReligión griega _2embne _916804 |
| 852 |
_aES-MaACL _jF-7055-7057 _z-- Enc. hol. |
||
| 999 |
_c159212 _d159212 |
||